[Event "67.ITA Provinciale VE"]
[Site "Santa Maria di Sala"]
[Date "2007.01.28"]
[Round "3.2"]
[White "Bianchi, Andrea"]
[Black "Velluti, Alberto"]
[Result "1-0"]
[WhiteElo "2140"]
[BlackElo "1997"]
[Annotator "Gabriele Ballarin"]
[PlyCount "69"]
[EventDate "2007.01.27"]
[EventType "swiss"]
[EventRounds "6"]
[EventCountry "ITA"]

1. e4 c5 2. Nf3 Nc6 3. d4 cxd4 4. Nxd4 e5 5. Nb5 a6 6. Nd6+ Bxd6 7. Qxd6 Qf6 8. Qd2 Qg6 9. Nc3 Nf6 10. Qg5 d5 11. exd5 Qxg5 12. Bxg5 Nb4 13. O-O-O Bf5 14. Bxf6 gxf6 15. Rd2 Rc8 16. a3 Nxc2 17. Rxc2 Bxc2 18. Kxc2 Ke7 19. Bd3 h6 20. Kb3 Rhd8 21. Bf5 Rc5 22. Rd1 Rd6 23. Ka2 b5 24. Rd3 Rd8 25. d6+ Kf8 26. Ne4 Rc4 27. Rh3 Kg7 28. Rc3 Rxc3 29. bxc3 Kf8 30. Kb3 a5 31. a4 Rb8 32. Nxf6 Kg7 33. Nd5 f6 34. d7 Kf7 35. Ka3 1-0

[Event "67.ITA Provinciale VE"]
[Site "Santa Maria di Sala"]
[Date "2007.01.28"]
[Round "3.3"]
[White "Pechy, Alaster"]
[Black "Pomaro, Stefano"]
[Result "1-0"]
[WhiteElo "2168"]
[BlackElo "1901"]
[Annotator "Gabriele Ballarin"]
[PlyCount "41"]
[EventDate "2007.01.27"]
[EventType "swiss"]
[EventRounds "6"]
[EventCountry "ITA"]

1. c4 f5 2. Nc3 Nf6 3. d4 e6 4. g3 c6 5. Bg2 d5 6. Nf3 Bd6 7. O-O O-O 8. b3 Ne4 9. Nxe4 fxe4 10. Ne5 Nd7 11. Nxd7 Bxd7 12. f3 exf3 13. Bxf3 Qe7 14. e4 e5 15. c5 Bxc5 16. dxc5 Qxc5+ 17. Kg2 Qc3 18. Ba3 Rf6 19. exd5 Re8 20. dxc6 Rxf3 21. cxd7 1-0

[Event "67.ITA Provinciale VE"]
[Site "Santa Maria di Sala"]
[Date "2007.01.28"]
[Round "3.4"]
[White "Cedriano, Filippo"]
[Black "Chiesa, Roberto"]
[Result "1-0"]
[WhiteElo "2029"]
[BlackElo "1665"]
[Annotator "Gabriele Ballarin"]
[PlyCount "107"]
[EventDate "2007.01.27"]
[EventType "swiss"]
[EventRounds "6"]
[EventCountry "ITA"]

1. e4 e6 2. d3 d5 3. Nd2 c5 4. Ngf3 Nc6 5. g3 Bd6 6. Bg2 Nge7 7. O-O O-O 8. c3 d4 9. Qe2 e5 10. Nh4 Qc7 11. Nc4 b5 12. Nxd6 Qxd6 13. a4 b4 14. c4 Be6 15. f4 f6 16. f5 Bf7 17. b3 Kh8 18. Bf3 Ng8 19. Bh5 Qd7 20. Bg6 Nce7 21. Bxf7 Rxf7 22. Qh5 Rff8 23. Ng6+ Nxg6 24. fxg6 h6 25. g4 Qe7 26. g5 fxg5 27. Bxg5 Qd6 28. Rf7 Rxf7 29. gxf7 Nf6 30. Bxf6 Qxf6 31. Rf1 Qe7 32. Rf5 Rf8 33. Rxe5 Qxf7 34. Qxf7 Rxf7 35. Kg2 Rc7 36. Kg3 g6 37. Re6 Kg7 38. Kf4 Rf7+ 39. Ke5 Rd7 40. Rd6 Re7+ 41. Kd5 g5 42. Kxc5 g4 43. Kxd4 h5 44. Rd5 Kg6 45. Rf5 h4 46. Ke3 Rd7 47. d4 Rd8 48. c5 Rh8 49. c6 g3 50. hxg3 hxg3 51. Kf3 Re8 52. Rf4 Rd8 53. d5 Kg7 54. Kxg3 1-0

[Event "67.ITA Provinciale VE"]
[Site "Santa Maria di Sala"]
[Date "2007.01.28"]
[Round "3.5"]
[White "Urbinati, Niccolò"]
[Black "Trangoni, Bruno"]
[Result "0-1"]
[WhiteElo "1503"]
[BlackElo "1970"]
[Annotator "Gabriele Ballarin"]
[PlyCount "52"]
[EventDate "2007.01.27"]
[EventType "swiss"]
[EventRounds "6"]
[EventCountry "ITA"]

1. e4 g6 2. d4 Bg7 3. Nc3 d6 4. Nf3 Nd7 5. Be3 Ngf6 6. h3 O-O 7. Be2 a6 8. e5 Ne8 9. Bc4 b5 10. Bd5 c6 11. Bxc6 Rb8 12. Ne4 Qa5+ 13. c3 dxe5 14. dxe5 Nxe5 15. Nxe5 Bxe5 16. Ba7 b4 17. Bxb8 Bxb8 18. O-O Qc7 19. Re1 Qxc6 20. cxb4 Qc7 21. Rc1 Qh2+ 22. Kf1 Nd6 23. Ng3 Bb7 24. f3 Qxg3 25. Rxe7 Nf5 26. Re2 Ba7 0-1

[Event "67.ITA Provinciale VE"]
[Site "Santa Maria di Sala"]
[Date "2007.01.28"]
[Round "3.7"]
[White "De Col, Daniele"]
[Black "Zanetto, Marco"]
[Result "0-1"]
[WhiteElo "1424"]
[BlackElo "1822"]
[Annotator "Gabriele Ballarin"]
[PlyCount "76"]
[EventDate "2007.01.27"]
[EventType "swiss"]
[EventRounds "6"]
[EventCountry "ITA"]

1. Nf3 Nf6 2. d4 d6 3. g3 g6 4. Bg2 c6 5. O-O Bg7 6. c3 O-O 7. Nbd2 Nbd7 8. Re1 Qc7 9. e4 e5 10. dxe5 Nxe5 11. Nxe5 dxe5 12. h3 Rd8 13. Qf3 Be6 14. Nf1 Ne8 15. b3 a5 16. Be3 a4 17. Nd2 Rd3 18. Rac1 axb3 19. axb3 Ra3 20. Bf1 Rd8 21. c4 Qa5 22. Red1 Bf8 23. Nb1 Rxb3 24. Rxd8 Qxd8 25. Rd1 Qa5 26. Qe2 Qb4 27. Qc2 Rb2 28. Qd3 Qd6 29. Nc3 Qxd3 30. Rxd3 Bxc4 31. Rd8 Bxf1 32. Kxf1 Ng7 33. Bc5 Ne6 34. Na4 Rb1+ 35. Kg2 Nxd8 36. Be3 Ne6 37. Nc3 Rb3 38. Bd2 Bb4 0-1

[Event "67.ITA Provinciale VE"]
[Site "Santa Maria di Sala"]
[Date "2007.01.28"]
[Round "3.8"]
[White "Chiodini, Sebastiano"]
[Black "Ballarin, Pietro"]
[Result "1-0"]
[WhiteElo "1428"]
[BlackElo "1664"]
[Annotator "Gabriele Ballarin"]
[PlyCount "43"]
[EventDate "2007.01.27"]
[EventType "swiss"]
[EventRounds "6"]
[EventCountry "ITA"]

1. e4 e5 2. Nf3 Nc6 3. Bc4 Bc5 4. b4 Bxb4 5. c3 Bc5 6. d4 exd4 7. cxd4 Bb4+ 8. Nbd2 Bc3 9. Rb1 Nf6 10. Bxf7+ Kxf7 11. Qb3+ d5 12. Qxc3 dxe4 13. Ng5+ Ke8 14. O-O Qxd4 15. Bb2 Qxc3 16. Bxc3 Nd5 17. Ndxe4 Bf5 18. Rfe1 Kd7 19. Rbd1 Nce7 20. Bxg7 Rhe8 21. Nf6+ Kd8 22. Nxe8 1-0

[Event "67.ITA Provinciale VE"]
[Site "Santa Maria di Sala"]
[Date "2007.01.28"]
[Round "3.10"]
[White "Camilla, Giulio"]
[Black "Goattin, Luca"]
[Result "1/2-1/2"]
[WhiteElo "1407"]
[BlackElo "1600"]
[Annotator "Gabriele Ballarin"]
[PlyCount "39"]
[EventDate "2007.01.27"]
[EventType "swiss"]
[EventRounds "6"]
[EventCountry "ITA"]

1. c4 e5 2. Nc3 Nf6 3. Nf3 Nc6 4. d3 g6 5. Bg5 Bg7 6. Nd5 d6 7. g3 Be6 8. Nxf6+ Bxf6 9. Bxf6 Qxf6 10. Bg2 O-O 11. Rb1 a5 12. a3 Qd8 13. b4 axb4 14. axb4 Qc8 15. O-O Bh3 16. Qc2 Bxg2 17. Kxg2 Ne7 18. e3 f5 19. d4 e4 20. Nd2 1/2-1/2

[Event "67.ITA Provinciale VE"]
[Site "Santa Maria di Sala"]
[Date "2007.01.28"]
[Round "3.11"]
[White "Polese, Marco"]
[Black "Civitareale, Alberto"]
[Result "0-1"]
[WhiteElo "1598"]
[BlackElo "1661"]
[Annotator "Gabriele Ballarin"]
[PlyCount "52"]
[EventDate "2007.01.27"]
[EventType "swiss"]
[EventRounds "6"]
[EventCountry "ITA"]

1. d4 d5 2. g3 Nf6 3. Bg2 e6 4. Nf3 Be7 5. O-O O-O 6. c3 Nbd7 7. Nbd2 b6 8. Qc2 Bb7 9. Re1 Re8 10. b3 c5 11. Bb2 Rc8 12. Rac1 cxd4 13. Nxd4 Bc5 14. Qb1 e5 15. Nf5 g6 16. Nh4 e4 17. e3 Ne5 18. Bf1 Qd7 19. c4 g5 20. f4 gxf4 21. Bd4 fxg3 22. hxg3 Qg4 23. Bxe5 Rxe5 24. Qb2 Qxg3+ 25. Ng2 Ng4 26. Qxe5 Qxe5 0-1

[Event "67.ITA Provinciale VE"]
[Site "Santa Maria di Sala"]
[Date "2007.01.28"]
[Round "3.12"]
[White "Casagrande, Corrado"]
[Black "Fano, Gabriel"]
[Result "1/2-1/2"]
[WhiteElo "1523"]
[BlackElo "1536"]
[Annotator "Gabriele Ballarin"]
[PlyCount "85"]
[EventDate "2007.01.27"]
[EventType "swiss"]
[EventRounds "6"]
[EventCountry "ITA"]

1. e4 e5 2. Nf3 Nc6 3. d4 exd4 4. Nxd4 Nf6 5. Nxc6 bxc6 6. Bd3 d5 7. Qe2 Be6 8. exd5 cxd5 9. Bb5+ Nd7 10. Bc6 Rb8 11. Bxd5 Nc5 12. Bxe6 Nxe6 13. O-O Bd6 14. Nc3 O-O 15. Rd1 Qh4 16. g3 Qh3 17. Rd5 g6 18. Ne4 Be7 19. b3 Rbd8 20. Rxd8 Rxd8 21. Bb2 Nd4 22. Bxd4 Rxd4 23. Rd1 Qd7 24. Rxd4 Qxd4 25. a4 Qe5 26. Qc4 h5 27. Qc6 h4 28. gxh4 Bxh4 29. Ng3 Be7 30. Ne4 Qf5 31. Ng3 Qa5 32. c3 Qe5 33. b4 Bd6 34. Qa8+ Kg7 35. Qxa7 Qxc3 36. Qb7 Bxb4 37. Qa6 Bc5 38. Qf1 Qd4 39. Qe2 Bb6 40. Qa2 c6 41. a5 Ba7 42. a6 Qd1+ 43. Kg2 1/2-1/2

[Event "67.ITA Provinciale VE"]
[Site "Santa Maria di Sala"]
[Date "2007.01.28"]
[Round "3.14"]
[White "Franceschini, Corrado"]
[Black "Di Fresco, Michele"]
[Result "1-0"]
[WhiteElo "1527"]
[BlackElo "1440"]
[Annotator "Gabriele Ballarin"]
[PlyCount "101"]
[EventDate "2007.01.27"]
[EventType "swiss"]
[EventRounds "6"]
[EventCountry "ITA"]

1. e4 e6 2. d4 d5 3. Nc3 Bb4 4. e5 Ne7 5. a3 Ba5 6. b4 Bb6 7. Na4 c6 8. Nf3 Nd7 9. Bd3 a5 10. b5 c5 11. c3 c4 12. Bc2 O-O 13. Ng5 Ng6 14. Qh5 h6 15. Bxg6 fxg6 16. Qxg6 hxg5 17. Qxe6+ Rf7 18. Qxd5 Qe8 19. O-O Nf8 20. Nxb6 Be6 21. Qe4 Bf5 22. Qe3 Rd8 23. Nxc4 Qxb5 24. Nd6 Qd5 25. Nxf7 Kxf7 26. Qxg5 g6 27. Be3 Rc8 28. Qf6+ Kg8 29. Bh6 Qf7 30. Qxf7+ Kxf7 31. Bxf8 Kxf8 32. Rfc1 Ke7 33. d5 b5 34. f3 Rc5 35. g4 Bd3 36. d6+ Kd7 37. f4 g5 38. Ra2 gxf4 39. Rd2 Bc4 40. Re1 Be6 41. g5 Rxc3 42. Rb2 Rxa3 43. Rxb5 f3 44. Rb7+ Kc6 45. Re7 Kd5 46. d7 Bxd7 47. Rxd7+ Ke6 48. Rd6+ Kf7 49. e6+ Kg6 50. e7+ Kxg5 51. e8=Q 1-0

[Event "67.ITA Provinciale VE"]
[Site "Santa Maria di Sala"]
[Date "2007.02.03"]
[Round "4.1"]
[White "Vianello, Enrico"]
[Black "Bianchi, Andrea"]
[Result "0-1"]
[WhiteElo "2150"]
[BlackElo "2140"]
[Annotator "Gabriele Ballarin"]
[PlyCount "120"]
[EventDate "2007.01.27"]
[EventType "swiss"]
[EventRounds "6"]
[EventCountry "ITA"]

1. d4 d5 2. Nf3 e6 3. c4 Nf6 4. Nc3 Be7 5. Bf4 O-O 6. e3 c5 7. dxc5 Bxc5 8. cxd5 Nxd5 9. Nxd5 exd5 10. a3 Nc6 11. Bd3 h6 12. O-O Qf6 13. b4 Bb6 14. b5 Nd4 15. Ne5 Ne6 16. Ng4 Qh4 17. Bg3 Qe7 18. Ne5 Nc5 19. Bc2 Be6 20. Nf3 Bc7 21. Bxc7 Qxc7 22. Qd4 Rac8 23. Rfd1 Qa5 24. Rab1 Nd7 25. Bd3 Rc3 26. a4 Rfc8 27. h3 Nc5 28. Bf1 Ra3 29. Rdc1 b6 30. Qe5 Qxa4 31. Nd4 Rf8 32. Be2 Ra2 33. Rd1 Qa3 34. Bf1 Qc3 35. Rbc1 Qb2 36. Rc2 Qa3 37. Rxa2 Qxa2 38. Nc6 Ne4 39. Qf4 Re8 40. Qf3 Nc3 41. Rd4 Qa1 42. g4 Nxb5 43. Rd1 Qb2 44. g5 hxg5 45. Bd3 Nc3 46. Qh5 Ne4 47. Bxe4 dxe4 48. Ne7+ Kf8 49. Nc6 g6 50. Qxg5 a5 51. Kg2 Kg7 52. Rd4 Bc8 53. Ne7 Qe2 54. Nxc8 Qf3+ 55. Kg1 Rxc8 56. Qg2 Rc1+ 57. Kh2 b5 58. Rxe4 Qxg2+ 59. Kxg2 a4 60. Rb4 a3 0-1

[Event "67.ITA Provinciale VE"]
[Site "Santa Maria di Sala"]
[Date "2007.02.03"]
[Round "4.2"]
[White "Pechy, Alaster"]
[Black "Cedriano, Filippo"]
[Result "1-0"]
[WhiteElo "2168"]
[BlackElo "2029"]
[Annotator "Gabriele Ballarin"]
[PlyCount "107"]
[EventDate "2007.01.27"]
[EventType "swiss"]
[EventRounds "6"]
[EventCountry "ITA"]

1. Nf3 d6 2. d4 Nf6 3. g3 g6 4. Bg2 Bg7 5. O-O O-O 6. c4 Nc6 7. Nc3 e5 8. dxe5 Nxe5 9. Nxe5 dxe5 10. Qxd8 Rxd8 11. Bg5 Rd4 12. Rad1 c6 13. b3 Bf5 14. e4 Be6 15. f3 Rad8 16. Kf2 Rxd1 17. Rxd1 Rxd1 18. Nxd1 Nd7 19. Be3 b6 20. Ke2 Bf8 21. Kd3 Bb4 22. Kc2 Kf8 23. Nb2 Nc5 24. Bf1 Ke7 25. Nd1 Nd7 26. Kb2 Bc5 27. Bxc5+ Nxc5 28. b4 Na6 29. Kc3 Nc7 30. Ne3 Kd6 31. a3 f6 32. f4 f5 33. exf5 exf4 34. fxg6 hxg6 35. gxf4 Bf5 36. Bd3 Ke6 37. Be2 Kd6 38. Bd3 Ke6 39. Nc2 Bxd3 40. Nd4+ Kf6 41. Kxd3 c5 42. bxc5 bxc5 43. Nb5 Ne8 44. Nxa7 Kf5 45. Nb5 Nf6 46. a4 Nd7 47. a5 Kxf4 48. a6 Nb6 49. a7 Na8 50. Nd6 Kf3 51. Ne4 Kg2 52. Nxc5 Kxh2 53. Ne6 g5 54. Nxg5 1-0

[Event "67.ITA Provinciale VE"]
[Site "Santa Maria di Sala"]
[Date "2007.02.03"]
[Round "4.3"]
[White "Velluti, Alberto"]
[Black "Biagioli, Valerio"]
[Result "0-1"]
[WhiteElo "1997"]
[BlackElo "1628"]
[Annotator "Gabriele Ballarin"]
[PlyCount "112"]
[EventDate "2007.01.27"]
[EventType "swiss"]
[EventRounds "6"]
[EventCountry "ITA"]

1. e4 d5 2. exd5 Qxd5 3. Nc3 Qe5+ 4. Qe2 Qxe2+ 5. Bxe2 c6 6. Nf3 Nf6 7. O-O Bg4 8. h3 Bh5 9. d3 e6 10. Bf4 Be7 11. Rfe1 Nbd7 12. a3 Rc8 13. Rad1 Nd5 14. Bd2 Bf6 15. Ne4 Be7 16. Ng3 Bg6 17. Bg5 Bd6 18. Ne4 Bb8 19. Nh4 f6 20. Nxg6 hxg6 21. Bd2 g5 22. Nc3 Kf7 23. d4 Nf4 24. Bc4 Nd5 25. Be2 Nf4 26. Bxf4 Bxf4 27. Bc4 Rce8 28. g3 Bc7 29. Kg2 Nb6 30. Bb3 f5 31. Re2 Kf6 32. Rde1 e5 33. dxe5+ Rxe5 34. Rxe5 Bxe5 35. Re3 Rd8 36. Rd3 Rxd3 37. cxd3 Nd7 38. Kf3 b5 39. Ke3 f4+ 40. Kf3 Kf5 41. g4+ Kf6 42. Bc2 Bxc3 43. bxc3 c5 44. Ke4 Ke6 45. Bb3+ c4 46. Bc2 Nc5+ 47. Kd4 cxd3 48. Bxd3 Nxd3 49. Kxd3 Kd5 50. f3 a6 51. Kd2 Kc4 52. Kc2 a5 53. Kb2 Kd3 54. Kb3 Ke3 55. c4 bxc4+ 56. Kxc4 Kxf3 0-1

[Event "67.ITA Provinciale VE"]
[Site "Santa Maria di Sala"]
[Date "2007.02.03"]
[Round "4.4"]
[White "Trangoni, Bruno"]
[Black "Chiodini, Sebastiano"]
[Result "1-0"]
[WhiteElo "1970"]
[BlackElo "1428"]
[Annotator "Gabriele Ballarin"]
[PlyCount "67"]
[EventDate "2007.01.27"]
[EventType "swiss"]
[EventRounds "6"]
[EventCountry "ITA"]

1. Nf3 Nf6 2. d4 d5 3. e3 e6 4. Bd3 c5 5. c3 Bd6 6. Nbd2 Nc6 7. O-O O-O 8. dxc5 Bxc5 9. e4 Re8 10. e5 Nd7 11. Nb3 Bb6 12. Bxh7+ Kf8 13. Bf4 Bc7 14. Bg5 f6 15. exf6 Nxf6 16. Bg6 Re7 17. Nh4 Qd6 18. g3 e5 19. Bf5 Ke8 20. Bxc8 Rxc8 21. Nf5 Qd8 22. Bxf6 gxf6 23. Nxe7 Qxe7 24. Qxd5 Rd8 25. Qg8+ Kd7 26. Rad1+ Bd6 27. Qg4+ Kc7 28. Rd2 Rf8 29. Qf5 Rg8 30. Rfd1 Rd8 31. Rd5 Qg7 32. Qe6 Qf8 33. R1d3 Ne7 34. Rxd6 1-0

[Event "67.ITA Provinciale VE"]
[Site "Santa Maria di Sala"]
[Date "2007.02.03"]
[Round "4.5"]
[White "Zanetto, Marco"]
[Black "Marson, Luca"]
[Result "0-1"]
[WhiteElo "1822"]
[BlackElo "1926"]
[Annotator "Gabriele Ballarin"]
[PlyCount "82"]
[EventDate "2007.01.27"]
[EventType "swiss"]
[EventRounds "6"]
[EventCountry "ITA"]

1. e4 c5 2. c3 d5 3. exd5 Qxd5 4. d4 Nf6 5. Nf3 Nc6 6. Be2 cxd4 7. cxd4 e6 8. O-O Be7 9. Nc3 Qd6 10. Be3 O-O 11. Rc1 a6 12. Bd3 Nb4 13. Bb1 b6 14. Ne4 Nxe4 15. Bxe4 Nd5 16. Qc2 g6 17. Bh6 Rd8 18. Ne5 Bb7 19. Nc6 Bxc6 20. Qxc6 Rab8 21. Qxd6 Rxd6 22. Rfd1 Rbd8 23. Be3 Bf6 24. Rc4 Nxe3 25. fxe3 e5 26. d5 Bg5 27. Kf2 f5 28. Bc2 Rxd5 29. Rxd5 Rxd5 30. Ke2 e4 31. Rc6 Rb5 32. Bb3+ Kg7 33. Rc7+ Kh6 34. Kd2 a5 35. Bg8 Rxb2+ 36. Kc1 Bf6 37. h4 Bg7 38. g4 fxg4 39. Re7 Rb4 40. a3 Ra4 41. h5 g3 0-1

[Event "67.ITA Provinciale VE"]
[Site "Santa Maria di Sala"]
[Date "2007.02.03"]
[Round "4.6"]
[White "Pomaro, Stefano"]
[Black "Biserni, Federica"]
[Result "0-1"]
[WhiteElo "1901"]
[BlackElo "1392"]
[Annotator "Gabriele Ballarin"]
[PlyCount "66"]
[EventDate "2007.01.27"]
[EventType "swiss"]
[EventRounds "6"]
[EventCountry "ITA"]

1. e4 e5 2. Nf3 Nf6 3. Nc3 Bb4 4. Bc4 Bxc3 5. dxc3 Nxe4 6. Qd5 Nd6 7. Bg5 f6 8. O-O fxg5 9. Nxe5 Qf6 10. Rfe1 Kd8 11. Rad1 Rf8 12. Bd3 h6 13. Ng6 Qf7 14. Qd4 Nc6 15. Qg4 Re8 16. f4 gxf4 17. Nxf4 Ne5 18. Qg3 Nxd3 19. Nxd3 Rxe1+ 20. Rxe1 b6 21. Ne5 Qg8 22. Ng6 Qc4 23. Qf3 Qc5+ 24. Kh1 Nb7 25. Re5 Qd6 26. Re7 Qf6 27. Qe2 Qxg6 28. Re4 Nd6 29. Rf4 Bb7 30. Rf8+ Ne8 31. Qf2 c5 32. Qh4+ Kc7 33. Qf4+ Nd6 0-1

[Event "67.ITA Provinciale VE"]
[Site "Santa Maria di Sala"]
[Date "2007.02.03"]
[Round "4.7"]
[White "Goattin, Luca"]
[Black "Chiesa, Roberto"]
[Result "1-0"]
[WhiteElo "1600"]
[BlackElo "1665"]
[Annotator "Gabriele Ballarin"]
[PlyCount "79"]
[EventDate "2007.01.27"]
[EventType "swiss"]
[EventRounds "6"]
[EventCountry "ITA"]

1. e4 e6 2. e5 d5 3. exd6 cxd6 4. d4 Nf6 5. Nf3 Nbd7 6. Bd3 b6 7. O-O Bb7 8. c4 Be7 9. Nc3 O-O 10. Bf4 a6 11. h3 Rc8 12. Re1 d5 13. cxd5 Nxd5 14. Nxd5 exd5 15. Rc1 Bf6 16. Qe2 Nb8 17. Rxc8 Qxc8 18. Bxb8 Qxb8 19. Bxa6 Bc6 20. Bb5 Bb7 21. Ne5 Bc8 22. Rc1 Qd6 23. a3 Bb7 24. Nd7 Bxd4 25. Nxf8 Qxf8 26. Rc7 Bc8 27. Re7 Bxb2 28. a4 Be6 29. Re8 Ba3 30. Rxf8+ Bxf8 31. Qd3 Bc5 32. Kf1 g6 33. g4 h6 34. Ke2 Kg7 35. f4 d4 36. Qf3 Bd6 37. Kd3 Bc5 38. Qc6 Ba2 39. a5 Bb1+ 40. Ke2 1-0

[Event "67.ITA Provinciale VE"]
[Site "Santa Maria di Sala"]
[Date "2007.02.03"]
[Round "4.8"]
[White "Civitareale, Alberto"]
[Black "Camilla, Giulio"]
[Result "1-0"]
[WhiteElo "1661"]
[BlackElo "1407"]
[Annotator "Gabriele Ballarin"]
[PlyCount "75"]
[EventDate "2007.01.27"]
[EventType "swiss"]
[EventRounds "6"]
[EventCountry "ITA"]

1. e4 d6 2. d4 Nd7 3. Nc3 Ngf6 4. Nf3 g6 5. Bc4 e6 6. Bg5 h6 7. Bh4 g5 8. Bg3 Nxe4 9. Nxe4 d5 10. Nexg5 hxg5 11. Bd3 f5 12. h3 g4 13. Nd2 Bg7 14. c3 c5 15. Qe2 Qe7 16. dxc5 Nxc5 17. Bb5+ Bd7 18. Bxd7+ Qxd7 19. O-O-O gxh3 20. Rxh3 Rxh3 21. gxh3 Rc8 22. Nf3 Ne4 23. Ne5 Nxg3 24. fxg3 Qd6 25. Qh5+ Ke7 26. Qf7+ Kd8 27. Qxg7 Qe7 28. Qxe7+ Kxe7 29. Nd3 d4 30. Kd2 dxc3+ 31. bxc3 Rg8 32. Rg1 Kf6 33. Ke3 e5 34. g4 Rh8 35. g5+ Ke6 36. Rh1 f4+ 37. Ke4 Rh4 38. Nc5+ 1-0

[Event "67.ITA Provinciale VE"]
[Site "Santa Maria di Sala"]
[Date "2007.02.03"]
[Round "4.9"]
[White "Roberti, Ignazio"]
[Black "De Col, Daniele"]
[Result "1-0"]
[WhiteElo "1933"]
[BlackElo "1424"]
[Annotator "Gabriele Ballarin"]
[PlyCount "69"]
[EventDate "2007.01.27"]
[EventType "swiss"]
[EventRounds "6"]
[EventCountry "ITA"]

1. d4 d5 2. c4 c6 3. Nc3 Nf6 4. Nf3 Nbd7 5. cxd5 cxd5 6. Bg5 Ne4 7. Nxe4 dxe4 8. Nd2 Qa5 9. Be3 e6 10. g3 b6 11. Bg2 Bb7 12. O-O Nf6 13. Nc4 Qh5 14. Ne5 Bd6 15. Qa4+ Ke7 16. g4 Nxg4 17. Qd7+ Kf6 18. Nxg4+ Qxg4 19. Qxd6 Rhd8 20. Qe5+ Ke7 21. Rac1 Kf8 22. Rc7 Ba6 23. Qxe4 Qh5 24. Rfc1 Rac8 25. Rxc8 Bxc8 26. Qa8 Qxe2 27. Rxc8 Qd1+ 28. Bf1 Qg4+ 29. Kh1 Rxc8 30. Qxc8+ Ke7 31. Qc7+ Kf6 32. Qd8+ Kg6 33. Qa8 Qd1 34. Qg2+ Kf6 35. Qg5# 1-0

[Event "67.ITA Provinciale VE"]
[Site "Santa Maria di Sala"]
[Date "2007.02.03"]
[Round "4.10"]
[White "Casagrande, Corrado"]
[Black "Tamburrini, Pierluigi"]
[Result "1/2-1/2"]
[WhiteElo "1523"]
[BlackElo "1852"]
[Annotator "Gabriele Ballarin"]
[PlyCount "60"]
[EventDate "2007.01.27"]
[EventType "swiss"]
[EventRounds "6"]
[EventCountry "ITA"]

1. e4 e6 2. d4 d5 3. exd5 exd5 4. Bd3 Nc6 5. c3 Bd6 6. h3 Nge7 7. Nf3 Bf5 8. O-O Qd7 9. Re1 O-O-O 10. Ne5 Nxe5 11. dxe5 Bc5 12. Be3 d4 13. cxd4 Bxd4 14. Bxd4 Bxd3 15. Qxd3 Qxd4 16. Qxd4 Rxd4 17. Nc3 Rd2 18. b3 Nc6 19. Ne4 Rb2 20. f4 h6 21. Red1 Rd8 22. Rxd8+ Kxd8 23. Rd1+ Ke7 24. Nc5 b6 25. Rd7+ Ke8 26. Rxc7 Nd4 27. Rc8+ Ke7 28. Rc7+ Ke8 29. Rc8+ Ke7 30. Rc7+ Ke8 1/2-1/2

[Event "67.ITA Provinciale VE"]
[Site "Santa Maria di Sala"]
[Date "2007.02.03"]
[Round "4.11"]
[White "Ballarin, Pietro"]
[Black "Urbinati, Niccolò"]
[Result "0-1"]
[WhiteElo "1664"]
[BlackElo "1503"]
[Annotator "Gabriele Ballarin"]
[PlyCount "102"]
[EventDate "2007.01.27"]
[EventType "swiss"]
[EventRounds "6"]
[EventCountry "ITA"]

1. e4 d5 2. exd5 Nf6 3. d4 Nxd5 4. c4 Nb6 5. Be2 e5 6. dxe5 Qxd1+ 7. Bxd1 Bc5 8. f4 Nc6 9. Nf3 Be6 10. Nbd2 O-O-O 11. b3 Nd4 12. Bb2 Nxf3+ 13. Bxf3 Bb4 14. Bc1 Bc3 15. Rb1 Bf5 16. Ke2 Bxb1 17. Nxb1 Bd4 18. Na3 Rhe8 19. Nb5 Kb8 20. Nxd4 Rxd4 21. Be3 Rdd8 22. Kf2 Nd7 23. Rd1 f6 24. Bg4 Nf8 25. Rxd8+ Rxd8 26. e6 Re8 27. f5 g6 28. Bc5 gxf5 29. Bh5 Ng6 30. g4 f4 31. e7 b6 32. Bd4 Rxe7 33. Bxf6 Rd7 34. g5 Rd2+ 35. Be2 Rxa2 36. Kf1 Kb7 37. h3 Kc6 38. b4 a5 39. bxa5 bxa5 40. Bd3 Ra3 41. Bf5 Re3 42. Bd4 Rg3 43. Bg4 a4 44. Ke2 a3 45. Bf3+ Kd6 46. c5+ Ke6 47. Kf2 Rxh3 48. Bg4+ Kd5 49. Bxh3 Kxd4 50. Be6 Ke5 51. Bg8 Kf5 0-1

[Event "67.ITA Provinciale VE"]
[Site "Santa Maria di Sala"]
[Date "2007.02.03"]
[Round "4.13"]
[White "Fano, Gabriel"]
[Black "Polese, Marco"]
[Result "1/2-1/2"]
[WhiteElo "1536"]
[BlackElo "1598"]
[Annotator "Gabriele Ballarin"]
[PlyCount "196"]
[EventDate "2007.01.27"]
[EventType "swiss"]
[EventRounds "6"]
[EventCountry "ITA"]

1. e4 c5 2. Nf3 e6 3. d4 cxd4 4. Nxd4 Nc6 5. Nc3 Nge7 6. Bb5 Qc7 7. O-O a6 8. Nxc6 Nxc6 9. Bd3 b5 10. Qf3 Bb7 11. Bf4 d6 12. Ne2 Ne5 13. Bxe5 dxe5 14. c3 Be7 15. Bc2 Rd8 16. Rad1 O-O 17. Qe3 Bc6 18. Rfe1 Rd6 19. Rd3 Rfd8 20. Red1 Bb7 21. Rxd6 Rxd6 22. Rxd6 Bxd6 23. Ng3 Bc5 24. Qd2 Qd6 25. Qg5 h6 26. Qc1 Bb6 27. Qd1 Qxd1+ 28. Bxd1 Kf8 29. Kf1 Ke7 30. a4 Bc6 31. axb5 Bxb5+ 32. Be2 g6 33. c4 Ba4 34. b4 Bd4 35. Bd3 Bc3 36. b5 axb5 37. cxb5 Kd6 38. Ne2 Ba5 39. g4 Kc5 40. Kg2 Bxb5 41. Bxb5 Kxb5 42. f4 f6 43. fxe5 fxe5 44. Kf3 Bd2 45. h4 Kc4 46. Ng1 Kd3 47. Ne2 Be3 48. Ng3 Bf4 49. Ne2 Bd2 50. h5 gxh5 51. gxh5 Bg5 52. Ng3 Kd2 53. Nf1+ Ke1 54. Ne3 Bf6 55. Ng4 Bg7 56. Ne3 Kd2 57. Nf1+ Kd3 58. Ng3 Kd4 59. Ne2+ Kc5 60. Ng3 Kd6 61. Ne2 Ke7 62. Kg4 Bf6 63. Ng3 Bg5 64. Ne2 Bf4 65. Nc3 Kd6 66. Ne2 Kc5 67. Kf3 Kc4 68. Ng1 Kd3 69. Ne2 Bh2 70. Nc1+ Kd2 71. Nb3+ Kc3 72. Nc5 Kb4 73. Nxe6 Kb5 74. Kg4 Kc6 75. Kf5 Kd6 76. Ng7 Kc5 77. Ne8 Bg3 78. Nf6 Kd4 79. Ng8 Bf4 80. Ne7 Kc5 81. Ng6 Bc1 82. Kxe5 Bb2+ 83. Kf5 Kd6 84. e5+ Kd7 85. e6+ Ke8 86. Ne5 Bc3 87. Nc6 Bb2 88. Kg6 Bc1 89. Nd4 Ke7 90. Kf5 Ke8 91. Nc6 Bb2 92. Kg6 Bc1 93. e7 Bg5 94. Ne5 Kxe7 95. Nf7 Kf8 96. Nxg5 hxg5 97. h6 Kg8 98. Kxg5 Kh7 1/2-1/2

[Event "67.ITA Provinciale VE"]
[Site "Santa Maria di Sala"]
[Date "2007.02.04"]
[Round "5.1"]
[White "Bianchi, Andrea"]
[Black "Pechy, Alaster"]
[Result "1/2-1/2"]
[WhiteElo "2140"]
[BlackElo "2168"]
[Annotator "Gabriele Ballarin"]
[PlyCount "72"]
[EventDate "2007.01.27"]
[EventType "swiss"]
[EventRounds "6"]
[EventCountry "ITA"]

1. e4 c5 2. Nf3 d6 3. d4 cxd4 4. Qxd4 Nc6 5. Bb5 Bd7 6. Bxc6 Bxc6 7. Nc3 Nf6 8. Bg5 e6 9. O-O-O Be7 10. Rhe1 O-O 11. Qd2 Qa5 12. Kb1 Rfd8 13. Nd5 Qxd2 14. Nxe7+ Kf8 15. Rxd2 Kxe7 16. Nd4 h6 17. Bxf6+ Kxf6 18. c4 Be8 19. Red1 Rac8 20. b3 a5 21. a4 Rc5 22. Nf3 Ke7 23. Ne1 f6 24. Kb2 g5 25. f3 Rcc8 26. Nc2 Rc5 27. Nd4 Rcc8 28. Ne2 Bc6 29. Nc3 Be8 30. g3 Rc5 31. Rd3 Rcc8 32. R1d2 Bc6 33. f4 e5 34. f5 h5 35. h3 b6 36. Nd5+ Bxd5 1/2-1/2